Champions League English Best Scorer by Year - Statistics

General Stats
  • This quiz has been taken 1,063 times
    793 since last reset
  • The average score is 13 of 24
Answer Stats
Scorer % Correct
Harry Kane
99%
Jude Bellingham
92%
Phil Foden
91%
Frank Lampard
89%
Marcus Rashford
89%
Wayne Rooney
89%
Raheem Sterling
88%
Steven Gerrard
85%
Alan Shearer
81%
Andy Cole
68%
Paul Scholes
62%
David Beckham
60%
Theo Walcott
60%
Peter Crouch
51%
Jack Wilshere
46%
John Terry
41%
Danny Welbeck
39%
Steve Bruce
18%
Dennis Wise
14%
Lee Bowyer
11%
Lee Sharpe
10%
Mark Hateley
7%
Gary Hooper
6%
Mike Newell
4%
No matching quizzes found
Score Distribution
Percent of People with Each Score
Percentile by Number Answered
Your Score History
You have not taken this quiz since the last reset